| 000 | 00863nac a22002171u 4500 | ||
|---|---|---|---|
| 008 | 100915t xxu||||| |||| 00| 0 eng d | ||
| 010 | _a 46021408 | ||
| 082 |
_a635 _bSUD |
||
| 100 |
_aSudell, Richard. [ _919313 |
||
| 245 | 1 | 0 |
_aTeach Yourself Gardening / _cBy Richard Sudell. |
| 260 |
_aLondon: _bRichard Clay and Co. for the English universities press, _c[1946] |
||
| 300 |
_aviii, 224 p. _bill., plates, diagrs. ; _c18 cm. |
||
| 490 |
_aTeach Yourself Series _919314 |
||
| 500 | _aDonations. | ||
| 500 | _aDonations - Bibliotheca Alexandrina. | ||
| 504 | _aIncludes Index. | ||
| 650 | 0 |
_aVegetable gardening _zGreat Britain. _919315 |
|
| 650 | 0 |
_aGardening _zGreat Britain. _919316 |
|
| 942 |
_cBB _k635SUD _2ddc |
||
| 999 |
_c3431 _d3431 |
||